Čísla pro každého 1981

Saved in:
Bibliographic Details
Format: Book
Language:Czech
Published: Praha : SNTL, 1981
Subjects:
Tags: Add Tag
No Tags, Be the first to tag this record!

MARC

LEADER 00000nam a22000003a 4500
001 stu35367
005 20150408180936.3
008 920416s1981----cs------------------cze-d
040 |a STU  |b slo 
041 0 |a cze 
044 |a cs 
080 |a 31(437)"1981"(058) 
245 |a Čísla pro každého 1981 
260 |a Praha :  |b SNTL,  |c 1981 
300 |a 290 s 
650 7 |a ČSSR  |2 stusub 
650 7 |a štatistika  |2 stusub 
650 7 |a 1981  |2 stusub 
650 7 |a ročenky  |2 stusub 
996 |b 284M046445  |c M*423/1981-1  |l MMKN  |s A  |a 24  |w stu35367_0001 
996 |b 284V036069  |c V*19895/O-7694  |l VVS  |s A  |a 24  |w stu35367_0002 
996 |b 284V036070  |c V*19896/O-7694a  |l VVS  |s A  |a 24  |w stu35367_0003